000 00372nam a2200145Ia 4500
008 230917s9999||||xx |||||||||||||| ||und||
040 _e255854
_aMAIN
041 _aEnglish
082 _a891.2109 M314S
100 _aManju Bala
245 0 _aSavatantryotar Haryana ke sanskrit kavyaio ka sarvakshanatamak adhyayan
260 _c2017
300 _a315 p.
942 _cTH
999 _c128348
_d128348